| 000 | 00364cam a22001097a 4500 | ||
|---|---|---|---|
| 008 | 180718b2006 xxu||||| |||| 00| 0 eng d | ||
| 020 | _a0195674979 | ||
| 245 |
_aBeyond representation: colonial and postcolonial constructions of Indian identity _cedited by Crispin Bates |
||
| 260 |
_aNew Delhi _bOxford Univ. Press _c2006 |
||
| 300 | _a370p. | ||
| 700 | _aBates, Crispin | ||
| 999 |
_c405443 _d405443 |
||